Statystyki dla Najmniejsze polskie powiaty

Kliknij tutaj aby rozwiązać quiz!

Ogólne statystyki

  • Ten quiz został rozwiązany 36 razy
  • Średni wynik to 8 z 15

Statystyki odpowiedzi

PowierzchniaWojewództwoPowiat% Poprawnych
158 km²śląskiebieruńsko-lędziński
79%
224 km²śląskierybnicki
72%
364 km²śląskiebędziński
69%
233 km²śląskiemikołowski
66%
370 km²małopolskiechrzanowski
55%
395 km²świętokrzyskieskarżyski
55%
359 km²łódzkiebrzeziński
52%
406 km²małopolskieoświęcimski
48%
246 km²mazowieckiepruszkowski
48%
287 km²śląskiewodzisławski
48%
369 km²łódzkiezduńskowolski
41%
390 km²mazowieckielegionowski
38%
411 km²małopolskiewielicki
38%
396 km²dolnośląskiekamiennogórski
34%
367 km²mazowieckiegrodziski
31%

Rozkład punktacji

Percentyl według liczby udzielonych odpowiedzi

Procent ludzi z każdym wynikiem

Twoja historia wyników

Nie rozwiązałeś tego quizu